Bez kontroly Chaos v předvečer 21. století

Salvato in:
Dettagli Bibliografici
Autore principale: Brzezinski, Zbigniew
Altri autori: Drábek, Vladimír
Natura: Libro
Lingua:ceco
Pubblicazione: Praha Victoria Publ. 1993
Edizione:1. vyd.
Soggetti:
Tags: Aggiungi Tag
Nessun Tag, puoi essere il primo ad aggiungerne!!

MARC

LEADER 00000nam a2200000 4500
001 c004327
005 20250522112531.8
020 |a 80-85605-83-X 
041 0 |a cze 
044 |a CZ 
245 1 0 |a Bez kontroly  |b Chaos v předvečer 21. století  |c Zbigniew Brzezinski ; Prekl. Vladimír Drábek 
250 |a 1. vyd. 
264 1 |a Praha  |b Victoria Publ.  |c 1993 
300 |a 222 s. 
610 2 0 |a problémy globálne 
610 2 0 |a Rusko 
610 2 0 |a USA 
610 2 0 |a politika svetová 
610 2 0 |a politika zahraničná 
610 2 0 |a svet 
100 1 |a Brzezinski, Zbigniew 
700 1 |a Drábek, Vladimír